000 00413nam a2200181Ia 4500
001 427
005 20260306140517.0
008 260306t1998||||xx |||||||||||||| ||spa||
041 _aESP
082 _a113
_bA78
100 _aArtigas, Mariano
_eAUT
245 0 _aFilosofía de la naturaleza
260 _c1998
300 _a331 páginas :
_c24 cm.
650 _aGEN
654 _aCHU
942 _cLIB
_dJUS
_fJUS
_2ddc
_n
999 _c427
_d427